Digital photography Q&A : great tips & hints from a top pro

Bibliographic Details
Main Author: Davies,Harcourt Paul
Format: Book
Published: New York : Lark Books , 2006
Subjects:

MARC

LEADER 00000cam a2200000 7i4500
001 0000016279
005 20080424.0
008 080421
020 |a 157990663x 
090 0 0 |a 770   |b DAV 
100 1 |a Davies,Harcourt Paul 
245 1 4 |a Digital photography Q&A :   |b great tips & hints from a top pro   |c Paul Harcourt Davies 
260 |a New York :   |b Lark Books ,   |c 2006 
650 0 |a Photography   |x Digital techniques 
999 |a 0000332975   |b Book   |c Adult Collection   |e Cawangan Pontian 
999 |a 0001014332   |b Book   |c Adult Collection   |e Perbadanan Perpustakaan Awam Johor 
999 |a 0001014334   |b Book   |c Adult Collection   |e Perbadanan Perpustakaan Awam Johor